Score 0/10 Timer 02:00
0 Plays Today
Hint Answer % Correct
Muslim Percentage of Total Population???
85%
Tallest Building???
71.1%
FIFA World Rankings???
70.3%
Northernmost Point???
66.9%
Internet Users???
65.8%
Linguistic Diversity Index???
59.8%
Population Growth Rate???
54.5%
World Heritage Sites???
45.5%
Apple Production???
43.2%
Television Broadcast Stations???
34.6%
Remove Ads.
Support Sporcle.
Get the best of Sporcle when you Go Orange. This ad-free experience offers more features, more stats, and more fun while also helping to support Sporcle. Thank you for becoming a member.

You're not logged in!

Compare scores with friends on all Sporcle quizzes.
OR
Log In

Show Comments

Extras

Top Quizzes Today


Score Distribution

Your Account Isn't Verified!

In order to create a playlist on Sporcle, you need to verify the email address you used during registration. Go to your Sporcle Settings to finish the process.

Report this User

Report this user for behavior that violates our Community Guidelines.

Details: